| 000 | 01294cam a2200289 a 4500 | ||
|---|---|---|---|
| 005 | 20171004020002.0 | ||
| 008 | 140311b ck abdogr|||| 00| 0 spa d | ||
| 020 | _a9589703542 | ||
| 040 |
_aCO-BoIAVH _cCO-BoIAVH |
||
| 041 | _aspa | ||
| 044 | _ack | ||
| 082 |
_a333.715 _bN28e |
||
| 110 | 2 | _aFundación Natura Colombia | |
| 245 | 1 | 0 |
_aEstrategia de desarrollo sostenible corredor de conservación _bGuantiva - La Rusia - Iguaque Boyacá - Santander / Colombia _cFundación Natura Colombia |
| 260 | 3 |
_aBogotá _bFundación Natura Colombia _bNature Conservancy _c[?] |
|
| 300 |
_a92 páginas _bil., fot., mapas, tablas _c33 cm |
||
| 504 | _aIncluye bibliografía (páginas 77 - 79) y glosario | ||
| 650 | 4 |
_aDesarrollo sostenible _xInvestigaciones _zGuantiva (Boyacá, Colombia) |
|
| 650 | 4 |
_aDesarrollo sostenible _xInvestigaciones _zLa Rusia (Santander, Colombia) |
|
| 650 | 4 |
_aDesarrollo sostenible _xInvestigaciones _zIguaque (Boyacá, Colombia) |
|
| 650 | 4 |
_aEconomía ambiental _xInvestigaciones _zColombia |
|
| 650 | 4 |
_aConservación del medio ambient _xInvestigaciones _zColombia |
|
| 650 | 4 |
_aPolítica ambiental _xInvestigaciones _zColombia |
|
| 710 | 2 | _aThe Nature Conservancy | |
| 942 |
_cLIBRO _2ddc _01 |
||
| 945 | _d2007-07-11 | ||
| 999 |
_c5670 _d5670 |
||